[Event "Karnevalsopen"]
[Site "Solingen"]
[Date "2010.02.12"]
[Round "1"]
[White "Westendorp, Christian"]
[Black "Zaitsev, Mikhail"]
[Result "0-1"]
[WhiteElo "1829"]
[BlackElo "2500"]
[PlyCount "32"]
[EventDate "2010.02.14"]
[EventType "swiss"]
[EventRounds "5"]
[EventCountry "GER"]

1. d4 d5 2. c4 c5 3. dxc5 d4 4. Nf3 Nc6 5. e3 e5 6. exd4 exd4 7. a3 a5 8. Nbd2
Bxc5 9. Nb3 Ba7 10. c5 Qe7+ 11. Qe2 Bg4 12. Qxe7+ Ngxe7 13. Nfxd4 a4 14. Nxc6
Nxc6 15. Nd2 O-O-O 16. h3 Rhe8+ 0-1

[Event "Karnevalsopen"]
[Site "Solingen"]
[Date "2010.02.12"]
[Round "1"]
[White "Henrichs, Thomas"]
[Black "Kaplun, David"]
[Result "1-0"]
[WhiteElo "2471"]
[BlackElo "1820"]
[PlyCount "47"]
[EventDate "2010.02.14"]
[EventType "swiss"]
[EventRounds "5"]
[EventCountry "GER"]

1. e4 c5 2. Nf3 e6 3. d4 cxd4 4. Nxd4 a6 5. Bd3 Nf6 6. O-O d6 7. c4 Be7 8. Nc3
O-O 9. Qe2 Nbd7 10. f4 Nc5 11. Bc2 Re8 12. Kh1 e5 13. fxe5 dxe5 14. Nf5 Bxf5
15. exf5 Qc7 16. Bg5 Bd8 17. Rad1 Qc6 18. Bxf6 Bxf6 19. b4 e4 20. Nd5 Nd3 21.
Bxd3 exd3 22. Qxd3 Rac8 23. Rfe1 Red8 24. c5 1-0

[Event "Karnevalsopen"]
[Site "Solingen"]
[Date "2010.02.12"]
[Round "1"]
[White "Rosenauer, Horst"]
[Black "Mladenov, Svetlin"]
[Result "0-1"]
[WhiteElo "1789"]
[BlackElo "2458"]
[PlyCount "32"]
[EventDate "2010.02.14"]
[EventType "swiss"]
[EventRounds "5"]
[EventCountry "GER"]

1. e4 c5 2. Nf3 e6 3. d4 cxd4 4. Nxd4 Nc6 5. Be3 Nf6 6. Nc3 Bb4 7. f3 d5 8.
Nxc6 bxc6 9. exd5 Nxd5 10. Bd4 e5 11. Bxe5 O-O 12. Qd4 f6 13. Bg3 Nxc3 14. Qxb4
Re8+ 15. Kf2 Qd2+ 16. Kg1 Ne2+ 0-1

[Event "Karnevalsopen"]
[Site "Solingen"]
[Date "2010.02.12"]
[Round "1"]
[White "Wegerle, Jörg"]
[Black "Granz, Thomas"]
[Result "1-0"]
[WhiteElo "2450"]
[BlackElo "1735"]
[PlyCount "41"]
[EventDate "2010.02.14"]
[EventType "swiss"]
[EventRounds "5"]
[EventCountry "GER"]

1. d4 d5 2. Nf3 Nf6 3. Bg5 e6 4. c4 Be7 5. Nc3 O-O 6. e3 b6 7. Rc1 Ba6 8. Qb3
Nbd7 9. cxd5 Bxf1 10. Kxf1 Nxd5 11. Nxd5 Bxg5 12. Nxg5 Qxg5 13. Nxc7 Rac8 14.
Rc3 Qg6 15. Qc2 Qxc2 16. Rxc2 Nf6 17. Ke2 Nd5 18. Rhc1 Nb4 19. Rc4 Nxa2 20. Ra1
b5 21. Rc5 1-0

[Event "Karnevalsopen"]
[Site "Solingen"]
[Date "2010.02.12"]
[Round "1"]
[White "Bashylin, Seva"]
[Black "Seger, Rüdiger"]
[Result "0-1"]
[WhiteElo "1704"]
[BlackElo "2407"]
[PlyCount "46"]
[EventDate "2010.02.14"]
[EventType "swiss"]
[EventRounds "5"]
[EventCountry "GER"]

1. d4 Nf6 2. Nf3 g6 3. Bf4 Bg7 4. e3 O-O 5. Be2 c5 6. c3 d6 7. h3 Nc6 8. Nbd2
cxd4 9. exd4 e5 10. dxe5 dxe5 11. Nxe5 Nd5 12. Nxc6 bxc6 13. Bh2 Re8 14. O-O
Bxc3 15. Nc4 Bxb2 16. Nxb2 Nc3 17. Qxd8 Nxe2+ 18. Kh1 Rxd8 19. Rfe1 Ba6 20.
Rad1 Rd5 21. Rxd5 cxd5 22. Rd1 d4 23. g4 Bb7+ 0-1

[Event "Karnevalsopen"]
[Site "Solingen"]
[Date "2010.02.12"]
[Round "1"]
[White "Michalczak, Thomas"]
[Black "Pitz, Marco"]
[Result "1-0"]
[WhiteElo "2363"]
[BlackElo "1697"]
[PlyCount "45"]
[EventDate "2010.02.14"]
[EventType "swiss"]
[EventRounds "5"]
[EventCountry "GER"]

1. e4 d5 2. exd5 Nf6 3. d4 Nxd5 4. Nf3 Bf5 5. Bd3 Bxd3 6. Qxd3 e6 7. O-O Nc6 8.
c4 Ncb4 9. Qb3 Nb6 10. Bg5 Qd7 11. Nc3 Be7 12. Bxe7 Qxe7 13. a3 Nd3 14. c5 Nd7
15. Nb5 N7xc5 16. dxc5 Nxc5 17. Qc3 O-O 18. Rac1 Na6 19. Nxc7 Rac8 20. Nd5 exd5
21. Qxc8 Rxc8 22. Rxc8+ Qf8 23. Rfc1 1-0

[Event "Karnevalsopen"]
[Site "Solingen"]
[Date "2010.02.12"]
[Round "1"]
[White "Bosbach, Jens"]
[Black "Helbig, Mark"]
[Result "0-1"]
[WhiteElo "1813"]
[BlackElo "2362"]
[PlyCount "56"]
[EventDate "2010.02.14"]
[EventType "swiss"]
[EventRounds "5"]
[EventCountry "GER"]

1. d4 Nf6 2. Nf3 e6 3. Bf4 c5 4. c3 Nc6 5. e3 Be7 6. h3 d5 7. Bd3 Bd6 8. Bxd6
Qxd6 9. Nbd2 b6 10. O-O Bb7 11. Qe2 Rd8 12. Rac1 O-O 13. Rfd1 e5 14. dxe5 Nxe5
15. Nxe5 Qxe5 16. Nf3 Qh5 17. Nh2 Qe5 18. Ng4 Nxg4 19. Qxg4 f5 20. Qf4 Qxf4 21.
exf4 g6 22. Re1 Rfe8 23. f3 Kf7 24. Bb5 Rxe1+ 25. Rxe1 d4 26. Bc4+ Bd5 27.
Bxd5+ Rxd5 28. Rd1 dxc3 0-1

[Event "Karnevalsopen"]
[Site "Solingen"]
[Date "2010.02.12"]
[Round "1"]
[White "Menacher, Manfred"]
[Black "Hobusch, Jan"]
[Result "1-0"]
[WhiteElo "2264"]
[BlackElo "1714"]
[PlyCount "73"]
[EventDate "2010.02.14"]
[EventType "swiss"]
[EventRounds "5"]
[EventCountry "GER"]

1. c4 c6 2. Nf3 Nf6 3. d4 d5 4. cxd5 cxd5 5. Nc3 Nc6 6. Bf4 a6 7. Rc1 e6 8. e3
Bd6 9. Bg3 O-O 10. Bd3 Bxg3 11. hxg3 g6 12. Qd2 Ng4 13. Nh2 Nxh2 14. Rxh2 f5
15. f4 Bd7 16. Ke2 b5 17. Rch1 Rf7 18. g4 Ne7 19. gxf5 exf5 20. Nd1 Nc8 21. Nf2
Nd6 22. Nh3 h5 23. Ng5 Rg7 24. Rc1 Nc4 25. Bxc4 bxc4 26. Rhh1 Qb6 27. Rc3 Rb8
28. b3 cxb3 29. axb3 Bb5+ 30. Kf2 Rgb7 31. Rhc1 Qd6 32. Rc8+ Kg7 33. Qa5 Rxc8
34. Rxc8 Bd7 35. Rh8 Rc7 36. Kg3 Qc6 37. Qa3 1-0

[Event "Karnevalsopen"]
[Site "Solingen"]
[Date "2010.02.12"]
[Round "1"]
[White "Wastian, Hans-Georg"]
[Black "Nagel, Bernhard"]
[Result "0-1"]
[WhiteElo "1702"]
[BlackElo "2264"]
[PlyCount "56"]
[EventDate "2010.02.14"]
[EventType "swiss"]
[EventRounds "5"]
[EventCountry "GER"]

1. d4 e6 2. c4 Nf6 3. Nc3 Bb4 4. Qc2 O-O 5. a3 Bxc3+ 6. bxc3 d6 7. e4 e5 8. Bd3
Nc6 9. Ne2 b6 10. O-O Ba6 11. Bg5 h6 12. Bd2 Na5 13. Qa2 Qe8 14. Rab1 Rc8 15.
f3 c5 16. a4 cxd4 17. Rb4 dxc3 18. Nxc3 Qe7 19. Nb5 Nc6 20. Rb2 Nd7 21. Rd1 Nc5
22. Bf1 Ne6 23. Be3 Bxb5 24. cxb5 Ncd4 25. Rbd2 Rc3 26. Bf2 Rfc8 27. Bd3 Qg5
28. a5 Nxf3+ 0-1

[Event "Karnevalsopen"]
[Site "Solingen"]
[Date "2010.02.12"]
[Round "1"]
[White "Wolter, Kai"]
[Black "Krenz, Tomas"]
[Result "1-0"]
[WhiteElo "2203"]
[BlackElo "1632"]
[PlyCount "43"]
[EventDate "2010.02.14"]
[EventType "swiss"]
[EventRounds "5"]
[EventCountry "GER"]

1. e4 d5 2. exd5 Qxd5 3. Nc3 Qd6 4. d4 Nc6 5. Nb5 Qd8 6. Bf4 e5 7. dxe5 Be6 8.
Qxd8+ Kxd8 9. Nf3 Nb4 10. O-O-O+ Kc8 11. a3 Nd5 12. Bg3 a6 13. Nbd4 b5 14. Nxe6
fxe6 15. Ng5 g6 16. Nf7 b4 17. axb4 Nge7 18. Nxh8 Nc6 19. Nf7 Ncxb4 20. Bc4 Be7
21. h4 Kb7 22. c3 1-0

[Event "Karnevalsopen"]
[Site "Solingen"]
[Date "2010.02.12"]
[Round "1"]
[White "Falge, Rainer"]
[Black "Harff, Marcel"]
[Result "0-1"]
[WhiteElo "1599"]
[BlackElo "2174"]
[PlyCount "38"]
[EventDate "2010.02.14"]
[EventType "swiss"]
[EventRounds "5"]
[EventCountry "GER"]

1. e4 e6 2. Nf3 d5 3. exd5 exd5 4. d4 Bd6 5. Nc3 Ne7 6. Bd3 Nbc6 7. Bg5 f6 8.
Be3 Be6 9. Qe2 Qd7 10. a3 g5 11. Nb5 O-O-O 12. Nxd6+ Qxd6 13. b3 Bg4 14. h3 Bd7
15. c4 Rde8 16. c5 Qe6 17. b4 Nf5 18. Bxf5 Qxf5 19. Nh2 Nxd4 0-1

[Event "Karnevalsopen"]
[Site "Solingen"]
[Date "2010.02.12"]
[Round "1"]
[White "Porstmann, Jan"]
[Black "Flesch, Stefan"]
[Result "0-1"]
[WhiteElo "1562"]
[BlackElo "2134"]
[PlyCount "82"]
[EventDate "2010.02.14"]
[EventType "swiss"]
[EventRounds "5"]
[EventCountry "GER"]

1. e4 e6 2. d4 d5 3. Nc3 Bb4 4. e5 b6 5. a3 Bf8 6. Nf3 Qd7 7. h4 a5 8. h5 h6 9.
g4 Ba6 10. Bxa6 Nxa6 11. Qd3 c5 12. g5 c4 13. Qe2 Ne7 14. Nh4 Nc7 15. Qg4 O-O-O
16. f4 Nf5 17. Nxf5 exf5 18. Qg2 Ne6 19. Be3 hxg5 20. fxg5 f4 21. Bf2 Be7 22.
g6 fxg6 23. hxg6 Rxh1+ 24. Qxh1 b5 25. Qh3 Nc7 26. Qh7 Bg5 27. Qh5 Bh6 28. b4
a4 29. O-O-O Rf8 30. Qf3 Qe6 31. Rg1 Kd7 32. Kb2 Rf5 33. Bh4 Rf8 34. Bf2 Kc6
35. Bh4 Qd7 36. Bf2 Qe7 37. Rg2 Rd8 38. Rg4 Rf8 39. Bh4 Qd7 40. Bg5 Bxg5 41.
Rxg5 Ne6 0-1

[Event "Karnevalsopen"]
[Site "Solingen"]
[Date "2010.02.12"]
[Round "1"]
[White "Klamp, Christoph"]
[Black "Rieger, Isabelle"]
[Result "1-0"]
[WhiteElo "2129"]
[BlackElo "1426"]
[PlyCount "39"]
[EventDate "2010.02.14"]
[EventType "swiss"]
[EventRounds "5"]
[EventCountry "GER"]

1. e4 c5 2. Nf3 Nc6 3. d4 cxd4 4. Nxd4 Nf6 5. Nc3 e5 6. Ndb5 d6 7. Nd5 Nxd5 8.
exd5 Nb8 9. c4 Na6 10. Be3 b6 11. Qa4 Qd7 12. c5 dxc5 13. Nd6+ Kd8 14. Qxd7+
Kxd7 15. Nxf7 Rg8 16. Bb5+ Ke7 17. Nxe5 Nb4 18. Nc6+ Kd6 19. Nxb4 cxb4 20. Bc6
1-0

[Event "Karnevalsopen"]
[Site "Solingen"]
[Date "2010.02.12"]
[Round "1"]
[White "Tanz, Manfred"]
[Black "Taeger, Torsten"]
[Result "0-1"]
[WhiteElo "1383"]
[BlackElo "2120"]
[PlyCount "54"]
[EventDate "2010.02.14"]
[EventType "swiss"]
[EventRounds "5"]
[EventCountry "GER"]

1. c4 e5 2. Nc3 Nc6 3. d3 g6 4. g3 Bg7 5. Bg2 Nge7 6. Nf3 O-O 7. O-O d6 8. e4
f5 9. exf5 Bxf5 10. a3 Qd7 11. Rb1 Bg4 12. h3 Bxh3 13. Bxh3 Qxh3 14. Nh2 Nd4
15. Ne4 h6 16. f4 Nef5 17. Qe1 Rae8 18. b4 exf4 19. Bxf4 g5 20. Be3 Nc2 21. Qe2
Ncxe3 22. Rf3 Bd4 23. Kh1 Rxe4 24. dxe4 Nxg3+ 25. Rxg3 Qxg3 26. Rg1 Qh4 27. Qd3
Rf2 0-1

[Event "Karnevalsopen"]
[Site "Solingen"]
[Date "2010.02.12"]
[Round "1"]
[White "Biedeköpper, Robert"]
[Black "Wolf, Wieland"]
[Result "1-0"]
[WhiteElo "2105"]
[BlackElo "1366"]
[PlyCount "63"]
[EventDate "2010.02.14"]
[EventType "swiss"]
[EventRounds "5"]
[EventCountry "GER"]

1. c4 g6 2. d4 Bg7 3. Nc3 d6 4. e4 e5 5. dxe5 Bxe5 6. f4 Bxc3+ 7. bxc3 Qe7 8.
Bd3 f5 9. Qe2 fxe4 10. Bxe4 Nf6 11. Bf3 Qxe2+ 12. Nxe2 Nc6 13. Nd4 Nxd4 14.
cxd4 c6 15. O-O Bf5 16. Re1+ Kd7 17. d5 c5 18. Bb2 Rhf8 19. Bd1 Rf7 20. Ba4+
Kc7 21. Bxf6 Rxf6 22. Re7+ Kd8 23. Re8+ Kc7 24. Rxa8 Bd3 25. Rc1 Rxf4 26. Bb3
Re4 27. Rf8 Re7 28. Rd1 Bf5 29. Kf2 a6 30. Re1 Rxe1 31. Kxe1 Kd7 32. Rf7+ 1-0

[Event "Karnevalsopen"]
[Site "Solingen"]
[Date "2010.02.12"]
[Round "1"]
[White "Ramakers, Andre"]
[Black "Eulering, Georg"]
[Result "0-1"]
[WhiteElo "1353"]
[BlackElo "2094"]
[PlyCount "80"]
[EventDate "2010.02.14"]
[EventType "swiss"]
[EventRounds "5"]
[EventCountry "GER"]

1. c4 e6 2. Nc3 Nf6 3. g3 d5 4. cxd5 exd5 5. d4 c6 6. Bg2 Bf5 7. Nf3 Bd6 8. O-O
O-O 9. Re1 Re8 10. Nd2 Bb4 11. a3 Bxc3 12. bxc3 Nbd7 13. f3 Qa5 14. e4 Qxc3 15.
Rb1 Qxd4+ 16. Kh1 dxe4 17. Nxe4 Qxd1 18. Rxd1 Bxe4 19. fxe4 Nc5 20. Be3 Ncxe4
21. Rxb7 Nc3 22. Re1 Nfe4 23. Rxa7 Rxa7 24. Bxa7 Nxg3+ 25. hxg3 Rxe1+ 26. Kh2
Nd5 27. Bc5 f5 28. Kh3 g5 29. g4 Rc1 30. Bd6 Rc3+ 31. Kh2 Rc2 32. Kh3 Nf4+ 33.
Bxf4 fxg4+ 34. Kxg4 gxf4 35. Be4 Kg7 36. Kxf4 Rc1 37. Kg5 c5 38. a4 c4 39. Kf4
c3 40. Ke3 Re1+ 0-1

[Event "Karnevalsopen"]
[Site "Solingen"]
[Date "2010.02.12"]
[Round "1"]
[White "Henrichs, Wenke"]
[Black "Klinkenberg, Frank"]
[Result "1-0"]
[WhiteElo "2048"]
[BlackElo "1279"]
[PlyCount "25"]
[EventDate "2010.02.14"]
[EventType "swiss"]
[EventRounds "5"]
[EventCountry "GER"]

1. d4 d5 2. c4 c6 3. Nc3 g6 4. Nf3 Bg7 5. Bf4 dxc4 6. a4 a6 7. e3 b5 8. axb5
cxb5 9. Nxb5 Bd7 10. Nc7+ Kf8 11. Nxa8 Bc6 12. Nc7 e5 13. Nxe5 1-0

[Event "Karnevalsopen"]
[Site "Solingen"]
[Date "2010.02.12"]
[Round "1"]
[White "Shishkov, Mark"]
[Black "Speck, Stefan"]
[Result "0-1"]
[WhiteElo "1160"]
[BlackElo "2031"]
[PlyCount "110"]
[EventDate "2010.02.14"]
[EventType "swiss"]
[EventRounds "5"]
[EventCountry "GER"]

1. d4 d6 2. c4 f5 3. Nc3 Nf6 4. Nf3 g6 5. Bf4 Bg7 6. g3 O-O 7. Bg2 c6 8. O-O
Qe8 9. Re1 Nh5 10. Bc1 e5 11. dxe5 dxe5 12. e4 f4 13. b3 Na6 14. Bb2 Bg4 15. h3
Bxf3 16. Bxf3 Rd8 17. Qe2 fxg3 18. fxg3 Nxg3 19. Qg2 Nh5 20. Bxh5 gxh5 21. Ne2
Rf6 22. Kh1 Rg6 23. Qf3 Nc5 24. Rad1 Ne6 25. Bc1 Rxd1 26. Rxd1 Nd4 27. Nxd4
exd4 28. Bb2 c5 29. Re1 Qe5 30. Re2 Qg5 31. Qf2 Be5 32. Qg2 Qh4 33. Qf1 Rg3 34.
Rh2 Qxe4+ 35. Rg2 h4 36. Bc1 Kg7 37. Bd2 Kg6 38. Be1 Qxg2+ 39. Qxg2 Rxg2 40.
Kxg2 Kf5 41. Kf3 Bg3 42. Bd2 h5 43. Ba5 Be5 44. Bd2 Bf6 45. Bc1 Bg5 46. Bxg5
Kxg5 47. Ke4 d3 48. Kxd3 Kf4 49. Ke2 Kg3 50. Ke3 Kxh3 51. Kf3 Kh2 52. Kf2 h3
53. a3 a5 54. Kf1 Kg3 55. Kg1 Kf3 0-1

[Event "Karnevalsopen"]
[Site "Solingen"]
[Date "2010.02.12"]
[Round "1"]
[White "Coenen, Siegfried"]
[Black "Sherif, Amina"]
[Result "1-0"]
[WhiteElo "2020"]
[BlackElo "834"]
[PlyCount "29"]
[EventDate "2010.02.14"]
[EventType "swiss"]
[EventRounds "5"]
[EventCountry "GER"]

1. e4 e5 2. Nc3 Bc5 3. Bc4 d6 4. d3 Nc6 5. Be3 b6 6. Bd5 Bb7 7. Qg4 Nf6 8. Qxg7
Rf8 9. Bg5 Qd7 10. Bxf6 Ba6 11. Nf3 Rb8 12. Ng5 Qg4 13. Bxf7+ Kd7 14. Be6+ Ke8
15. Qd7# 1-0

[Event "Karnevalsopen"]
[Site "Solingen"]
[Date "2010.02.12"]
[Round "1"]
[White "Sadlowski, Ruben"]
[Black "Winkler, Fabian"]
[Result "0-1"]
[WhiteElo "829"]
[BlackElo "2002"]
[PlyCount "84"]
[EventDate "2010.02.14"]
[EventType "swiss"]
[EventRounds "5"]
[EventCountry "GER"]

1. d4 Nf6 2. Nf3 b6 3. c4 e6 4. Nc3 Bb7 5. e3 d5 6. b3 Bb4 7. Bd2 Nbd7 8. Be2
O-O 9. O-O c5 10. a3 Bxc3 11. Bxc3 Ne4 12. Bb2 Qe7 13. g3 dxc4 14. bxc4 Rfd8
15. Rb1 Rac8 16. a4 Ba6 17. Ba1 cxd4 18. Nxd4 Ne5 19. Rc1 Bxc4 20. Bxc4 Nxc4
21. Rc2 e5 22. Qd3 exd4 23. Rxc4 Rxc4 24. Qxc4 Nd2 25. Qd3 Nxf1 26. Kxf1 dxe3
27. Qxe3 Qxe3 28. fxe3 Rd1+ 29. Kg2 Rxa1 30. Kh3 Rxa4 31. g4 g5 32. Kg3 a5 33.
h4 h6 34. h5 Rc4 35. Kf3 a4 36. e4 a3 37. Ke3 a2 38. Kd3 b5 39. Ke3 a1=Q 40.
Kf3 Qa3+ 41. Kf2 Rc2+ 42. Kf1 Qc1# 0-1

[Event "Karnevalsopen"]
[Site "Solingen"]
[Date "2010.02.12"]
[Round "1"]
[White "Kuhn, Andreas"]
[Black "Niemeyer, Maximilian"]
[Result "1-0"]
[WhiteElo "1965"]
[BlackElo "758"]
[PlyCount "47"]
[EventDate "2010.02.14"]
[EventType "swiss"]
[EventRounds "5"]
[EventCountry "GER"]

1. c4 e5 2. g3 Bc5 3. Bg2 Qf6 4. e3 Nh6 5. Nc3 O-O 6. Nd5 Qc6 7. Ne7+ Bxe7 8.
Bxc6 Nxc6 9. d4 b6 10. Ne2 Bb4+ 11. Bd2 Bb7 12. O-O Nf5 13. d5 Bxd2 14. dxc6
Bxe3 15. cxb7 Rab8 16. Qd3 Bxf2+ 17. Rxf2 Nh6 18. Qxd7 Rbd8 19. Qxc7 g6 20.
Raf1 Rde8 21. Rf6 Re6 22. Rxe6 fxe6 23. Rxf8+ Kxf8 24. b8=Q# 1-0

[Event "Karnevalsopen"]
[Site "Solingen"]
[Date "2010.02.13"]
[Round "2"]
[White "Zaitsev, Mikhail"]
[Black "Klamp, Christoph"]
[Result "1-0"]
[WhiteElo "2500"]
[BlackElo "2129"]
[PlyCount "49"]
[EventDate "2010.02.14"]
[EventType "swiss"]
[EventRounds "5"]
[EventCountry "GER"]

1. e4 c6 2. d4 d5 3. f3 e6 4. Nc3 Bb4 5. Bd3 dxe4 6. fxe4 Qxd4 7. Nf3 Qc5 8.
Bd2 Nf6 9. Qe2 Nbd7 10. O-O-O Ng4 11. a3 Bxa3 12. bxa3 Nf2 13. Nb1 Nxh1 14.
Rxh1 a5 15. e5 b5 16. Rf1 Bb7 17. Qe1 Qd5 18. Nc3 Qc5 19. Kb2 b4 20. Ne4 bxa3+
21. Ka1 Qb6 22. Nd6+ Kd8 23. Qh4+ Kc7 24. Rb1 Qc5 25. Rxb7# 1-0

[Event "Karnevalsopen"]
[Site "Solingen"]
[Date "2010.02.13"]
[Round "2"]
[White "Taeger, Torsten"]
[Black "Henrichs, Thomas"]
[Result "0-1"]
[WhiteElo "2120"]
[BlackElo "2471"]
[PlyCount "84"]
[EventDate "2010.02.14"]
[EventType "swiss"]
[EventRounds "5"]
[EventCountry "GER"]

1. e4 c5 2. Nc3 Nc6 3. f4 g6 4. Nf3 Bg7 5. Bb5 Nd4 6. O-O Nxb5 7. Nxb5 d5 8. e5
d4 9. d3 Nh6 10. c3 dxc3 11. bxc3 O-O 12. a4 b6 13. Qe2 Bd7 14. c4 Bc6 15. Bb2
Qc8 16. Nh4 Qg4 17. Qxg4 Nxg4 18. Rae1 Rfd8 19. h3 Nh6 20. Re3 a6 21. Nc3 f6
22. g4 fxe5 23. fxe5 Nf7 24. Nf3 Bh6 25. g5 Nxg5 26. Nxg5 Bxg5 27. Rg3 Bh6 28.
h4 Bg7 29. Re1 Bh6 30. Rf1 Bd2 31. h5 Rf8 32. hxg6 Rxf1+ 33. Kxf1 h6 34. Ke2
Bf4 35. Rh3 e6 36. Ne4 Kg7 37. Nf6 Kxg6 38. d4 cxd4 39. Bxd4 Rd8 40. Bxb6 Rd2+
41. Ke1 Rc2 42. a5 Rxc4 0-1

[Event "Karnevalsopen"]
[Site "Solingen"]
[Date "2010.02.13"]
[Round "2"]
[White "Mladenov, Svetlin"]
[Black "Biedeköpper, Robert"]
[Result "1-0"]
[WhiteElo "2458"]
[BlackElo "2105"]
[PlyCount "41"]
[EventDate "2010.02.14"]
[EventType "swiss"]
[EventRounds "5"]
[EventCountry "GER"]

1. e4 c5 2. Nf3 e6 3. d4 cxd4 4. Nxd4 a6 5. c4 Nf6 6. Nc3 Qc7 7. Be3 Bb4 8. Qb3
Bc5 9. Be2 O-O 10. O-O b6 11. Rac1 Bb7 12. Qc2 d6 13. Rfd1 Nc6 14. a3 e5 15.
Nf5 g6 16. Bg5 Nd7 17. Nd5 Qb8 18. Nf6+ Nxf6 19. Bxf6 gxf5 20. Qc3 f4 21. Qh3
1-0

[Event "Karnevalsopen"]
[Site "Solingen"]
[Date "2010.02.13"]
[Round "2"]
[White "Eulering, Georg"]
[Black "Wegerle, Jörg"]
[Result "0-1"]
[WhiteElo "2094"]
[BlackElo "2450"]
[PlyCount "84"]
[EventDate "2010.02.14"]
[EventType "swiss"]
[EventRounds "5"]
[EventCountry "GER"]

1. e4 c5 2. c3 Nf6 3. e5 Nd5 4. d4 cxd4 5. Qxd4 e6 6. Nf3 Nc6 7. Qe4 f5 8. Qe2
Qc7 9. g3 b5 10. Bg2 a5 11. O-O Ba6 12. Nh4 Nde7 13. Re1 g6 14. Bg5 Bg7 15. Qe3
Rc8 16. Bxe7 Nxe7 17. a4 O-O 18. Bf1 f4 19. Qd4 Nc6 20. Qc5 Nxe5 21. Qxc7 Rxc7
22. axb5 Bb7 23. Rxa5 g5 24. b6 Rcc8 25. Rexe5 Bxe5 26. Rxe5 gxh4 27. Bb5 fxg3
28. hxg3 hxg3 29. fxg3 Rf7 30. Nd2 Kf8 31. Nc4 Ke7 32. Na5 Rb8 33. c4 d6 34.
Re3 Rf3 35. Rxf3 Bxf3 36. Bc6 Bh5 37. b7 Kd8 38. Be4 Kc7 39. b4 Bg6 40. Bxg6
hxg6 41. c5 dxc5 42. bxc5 Rxb7 0-1

[Event "Karnevalsopen"]
[Site "Solingen"]
[Date "2010.02.13"]
[Round "2"]
[White "Seger, Rüdiger"]
[Black "Henrichs, Wenke"]
[Result "1-0"]
[WhiteElo "2407"]
[BlackElo "2048"]
[PlyCount "53"]
[EventDate "2010.02.14"]
[EventType "swiss"]
[EventRounds "5"]
[EventCountry "GER"]

1. e4 Nf6 2. e5 Nd5 3. d4 d6 4. Nf3 dxe5 5. Nxe5 c6 6. Bd3 Nd7 7. Nxd7 Bxd7 8.
O-O g6 9. c3 Bg7 10. Nd2 O-O 11. Nf3 Qc7 12. Bc4 Rad8 13. Bg5 Rfe8 14. Re1 Bg4
15. h3 Bxf3 16. Qxf3 h6 17. Bh4 Rd7 18. Rad1 e6 19. Bg3 Qb6 20. Bb3 a5 21. c4
Ne7 22. d5 exd5 23. cxd5 Qd8 24. dxc6 Nxc6 25. Bxf7+ Rxf7 26. Rxd8 Rxd8 27. Qb3
1-0

[Event "Karnevalsopen"]
[Site "Solingen"]
[Date "2010.02.13"]
[Round "2"]
[White "Speck, Stefan"]
[Black "Michalczak, Thomas"]
[Result "0-1"]
[WhiteElo "2031"]
[BlackElo "2363"]
[PlyCount "40"]
[EventDate "2010.02.14"]
[EventType "swiss"]
[EventRounds "5"]
[EventCountry "GER"]

1. d4 d5 2. Nf3 Nf6 3. Bg5 Ne4 4. Bf4 c5 5. e3 Qb6 6. Qc1 Nc6 7. c3 Bf5 8. Nh4
Bd7 9. Bd3 cxd4 10. exd4 e5 11. f3 Be7 12. fxe4 Bxh4+ 13. g3 dxe4 14. Bxe4 exf4
15. gxh4 O-O 16. O-O Nxd4 17. Bxh7+ Kxh7 18. cxd4 Qxd4+ 19. Rf2 Rae8 20. Nc3
Re6 0-1

[Event "Karnevalsopen"]
[Site "Solingen"]
[Date "2010.02.13"]
[Round "2"]
[White "Helbig, Mark"]
[Black "Coenen, Siegfried"]
[Result "1-0"]
[WhiteElo "2362"]
[BlackElo "2020"]
[PlyCount "111"]
[EventDate "2010.02.14"]
[EventType "swiss"]
[EventRounds "5"]
[EventCountry "GER"]

1. d4 Nf6 2. Bg5 Ne4 3. Bf4 d5 4. e3 e6 5. Bd3 Bd6 6. Ne2 Nf6 7. c4 dxc4 8.
Bxc4 O-O 9. Nd2 Nbd7 10. Nf3 b6 11. Bxd6 cxd6 12. d5 e5 13. Nc3 e4 14. Nd4 a6
15. Nc6 Qe8 16. Qd4 Bb7 17. O-O Rc8 18. a4 Nc5 19. Nb4 Qe7 20. Rfd1 Rfe8 21.
Rac1 Ng4 22. Be2 Ne5 23. Rc2 Ned7 24. Nc6 Bxc6 25. dxc6 Rxc6 26. Nd5 Qg5 27.
Rc3 Ne5 28. Kf1 Qh4 29. Kg1 Qg5 30. Kf1 f5 31. Nf4 Qh6 32. b4 Ne6 33. Nxe6 Rxc3
34. Qxc3 Qxe6 35. Bxa6 Kf8 36. Qd4 Rb8 37. Qxd6+ Qxd6 38. Rxd6 Ke7 39. Rd2 Nc6
40. Rb2 Rd8 41. Ke2 g5 42. Bb5 Na7 43. Bc4 Nc6 44. f3 exf3+ 45. gxf3 f4 46. Bd3
Ne5 47. Be4 fxe3 48. a5 bxa5 49. bxa5 Rd2+ 50. Rxd2 exd2 51. a6 Nc4 52. a7 Nb6
53. Bxh7 Kd6 54. Be4 Ke5 55. Bb7 Kf4 56. Kxd2 1-0

[Event "Karnevalsopen"]
[Site "Solingen"]
[Date "2010.02.13"]
[Round "2"]
[White "Winkler, Fabian"]
[Black "Menacher, Manfred"]
[Result "0-1"]
[WhiteElo "2002"]
[BlackElo "2264"]
[PlyCount "82"]
[EventDate "2010.02.14"]
[EventType "swiss"]
[EventRounds "5"]
[EventCountry "GER"]

1. d4 Nf6 2. c4 Nc6 3. Nf3 e6 4. Nc3 Bb4 5. Bg5 h6 6. Bh4 g5 7. Bg3 Ne4 8. Qc2
Bxc3+ 9. bxc3 Nxg3 10. hxg3 Qf6 11. e4 e5 12. d5 Nb8 13. c5 b6 14. Qa4 O-O 15.
cxb6 cxb6 16. Bb5 Rd8 17. Ke2 d6 18. Rh2 Kg7 19. Rah1 Nd7 20. Rxh6 Qxh6 21.
Rxh6 Kxh6 22. Bxd7 Bxd7 23. Qb4 Bg4 24. c4 Rac8 25. Ke3 Rc7 26. Nd2 Kg7 27. f3
Bc8 28. Qa3 Kf8 29. Qa4 Ke7 30. f4 f6 31. Nf3 gxf4+ 32. gxf4 Rg8 33. Kf2 Bd7
34. Qb4 exf4 35. Nd4 Rgc8 36. Nc6+ Bxc6 37. dxc6 Rxc6 38. Qd2 Rxc4 39. Qd5 R4c5
40. Qb3 Rc2+ 41. Kg1 Rc1+ 0-1

[Event "Karnevalsopen"]
[Site "Solingen"]
[Date "2010.02.13"]
[Round "2"]
[White "Nagel, Bernhard"]
[Black "Kuhn, Andreas"]
[Result "1-0"]
[WhiteElo "2264"]
[BlackElo "1965"]
[PlyCount "111"]
[EventDate "2010.02.14"]
[EventType "swiss"]
[EventRounds "5"]
[EventCountry "GER"]

1. Nf3 Nf6 2. c4 g6 3. Nc3 Bg7 4. e4 d6 5. d4 O-O 6. Be2 Na6 7. O-O e5 8. a3
exd4 9. Nxd4 Nc5 10. f3 a5 11. Nb3 Nfd7 12. Be3 Nxb3 13. Qxb3 Nc5 14. Qc2 f5
15. b4 axb4 16. axb4 Rxa1 17. Rxa1 Qf6 18. bxc5 Qxc3 19. Qxc3 Bxc3 20. Rc1 Bb4
21. cxd6 cxd6 22. Rb1 Bc5 23. Bxc5 dxc5 24. Rb5 fxe4 25. fxe4 Re8 26. Rxc5 Bd7
27. Bf3 Bc6 28. e5 Kf7 29. Kf2 Bxf3 30. Kxf3 Ke6 31. Ke4 Rf8 32. Rb5 Rf2 33.
Rb6+ Ke7 34. Rxb7+ Ke6 35. Rb6+ Ke7 36. Kd5 Rd2+ 37. Kc6 Rxg2 38. Rb7+ Ke6 39.
Rxh7 Kxe5 40. c5 Ke6 41. Rh3 Re2 42. Rg3 Rxh2 43. Rxg6+ Ke7 44. Kc7 Rc2 45. c6
Rc1 46. Rg2 Ke6 47. Rd2 Ke7 48. Re2+ Kf7 49. Kb7 Rb1+ 50. Kc8 Rc1 51. c7 Rb1
52. Re4 Kf6 53. Kd7 Rd1+ 54. Kc6 Rc1+ 55. Kd6 Rd1+ 56. Kc5 1-0